000 00470cam a22001337a 4500
008 180718b1977 xxu||||| |||| 00| 0 eng d
082 _aB136x54 In2s
245 _aSocial marketing: a seminar held at IIM-B on March 22, 1977: Papers & Proceedings
_cby Indian Institute of Management
260 _aBangalore
_bIndian Institute of Management
_c1977
300 _a95p.
440 _aPaper
650 _aRural Development
700 _aKarnataka. Indian Institute of Management
999 _c476852
_d476852